000 00687nam a22002297a 4500
005 20130422165433.0
008 130422b xxu||||| |||| 00| 0 eng d
010 _aENG-106909
020 _a9789350970041
_c360.00
035 _aEN-90442
037 _bDBAD/PUB
040 _aDPL
_bEng
082 _a345.4041
100 _aSarma, A.M.
245 _aIndustrial jurisprudence and labour legislation /
_cby A.M. Sarma
250 _a7th rev. ed
260 _aMumbai
_bHimalaya Publishing House
_c2012
270 _aRamdoot, Dr. Bhalerao Marg, Girgaon
_bMumbai
_e400004
300 _a472p.
_c25cm(pbk)
500 _aIncludes index
942 _2ddc
_cEN
_h345.4041
_mSAR
999 _c74819
_d74819